Κατάλογος Βιβλιοθηκών Mediterranean College

Οικονομοτεχνικές Μελέτες (Record no. 2174)

MARC details
000 -LEADER
fixed length control field 01178cam a22001934a 4500
005 - ΗΜΕΡΟΜΗΝΙΑ ΚΑΙ ΩΡΑ ΤΕΛΕΥΤΑΙΑΣ ΕΝΗΜΕΡΩΣΗΣ
Πεδίο ελέγχου 20250605164033.0
008 - FIXED-LENGTH DATA ELEMENTS--GENERAL INFORMATION
Πεδίο ελέγχου σταθερού μήκους 250528s ||||||||||||||||||||||||d
035 ## - SYSTEM CONTROL NUMBER
System control number 16699
020 ## - ISBN
ISBN 9607344103
040 ## - ΠΗΓΗ ΚΑΤΑΛΟΓΟΓΡΑΦΗΣΗΣ
Φορέας πρωτότυπης καταλογογράφησης MC Athens Campus Library
Γλώσσα καταλογογράφησης Ελληνικά, Μοντέρνα (1453-)
Modifying agency MC Athens Campus Library
Κανόνες περιγραφικής καταλογογράφησης AACR2
245 1# - ΤΙΤΛΟΣ ΚΑΙ ΔΗΛΩΣΗ ΥΠΕΥΘΥΝΟΤΗΤΑΣ
Τίτλος Οικονομοτεχνικές Μελέτες
260 ## - PUBLICATION, DISTRIBUTION, ETC.
Name of publisher, distributor, etc. Σύγχρονη Εκδοτική,
Date of publication, distribution, etc. 1998
300 ## - PHYSICAL DESCRIPTION
Extent 432
520 ## - SUMMARY, ETC.
Summary, etc. Πρόλογος, Σχεδιασμός των Εκθέσεων, Βασικός Σχεδιασμός, Πηγές Πληροφοριών, Οργάνωση των Πληροφοριών και Δημιουργία του Περιγράμματος της Έκθεσης, Ερμηνεία των Πληροφορίων, Δομή των Τυπικών Εκθέσεων, Δομή των Μικρών Εκθέσεων - Ειδικές Εκθέσεις, Γραφικές Παραστάσεις (Graphic Arts), Εφαρμογές, Προβλέψεις, Προϋπολογισμοί, Ανάλυση Νεκρού Σημείου (EP), Παράρτημα Δεύτερου Μέρους.
700 1# - ΠΡΟΣΘΕΤΗ ΑΝΑΓΡΑΦΗ--ΦΥΣΙΚΟ ΠΡΟΣΩΠΟ
Personal name Μηλιώτη Ειρήνη
9 (RLIN) 2790
942 ## - ADDED ENTRY ELEMENTS (KOHA)
Koha item type Books
Holdings
Τύπος τεκμηρίου Βιβλιοθήκη Τρέχουσα τοποθεσία Barcode Αριθμός εισαγωγής Ημερομηνία απόκτησης Ταξιθετικό σύμβολο Αριθμός αντιτύπου Κατάσταση απόσυρσης Κατάσταση χαμένου Κατάσταση κατεστραμμένου Μη δανεισμός Σύνολο δανεισμών Ημερομηνία τελευταίας εμφάνισης Η τιμή ισχύει από
Books MC Athens Campus Library MC Athens Campus Library 9780000021731 4906 05/06/2025 344.095 MIL 1           05/06/2025 05/06/2025

MC Athens Campus Library
Πατησίων 94 & Κοδριγκτώνος 13, 104 34
Πελλήνης 8 & Πατησίων 107, 112 51
Τ: +30 210 8899600

MC Thessaloniki Campus Library
Ίωνος Δραγούμη 21, 54625 | Ίωνος Δραγούμη 15, 54625
Τ: +30 2310 287779 – Τ: +30 2314 440300